| 000 | 00549cam a2200193ua 4500 | ||
|---|---|---|---|
| 001 | 11985 | ||
| 005 | 20260515114825.0 | ||
| 008 | 191228n ii |||gr||||Z||||||asm | ||
| 040 | _cMAIN | ||
| 082 | _a891.4514 | ||
| 100 |
_aHridayananda Gogoi, _eEditor. |
||
| 245 |
_aChandraprasad Saikia Rasanawali _cEdited by Hridayananda Gogoi |
||
| 250 |
_a1st ed / _bvol.2. |
||
| 260 |
_aGuwahati: _bPublicatin Board Assam, _c2014. |
||
| 300 | _a1156p. | ||
| 653 | _aEast Indo-European & Celtic literatures | ||
| 653 | _aAssamese literature | ||
| 942 | _cBK | ||
| 999 |
_c10758 _d10758 |
||